Neonatal infections / (Record no. 4367)
[ view plain ]
| 000 -LEADER | |
|---|---|
| fixed length control field | 00887pam a2200265 a 4500 |
| 003 - CONTROL NUMBER IDENTIFIER | |
| control field | ALUPE UNIVERSITY |
| 005 - DATE AND TIME OF LATEST TRANSACTION | |
| control field | 20220323065712.0 |
| 008 - FIXED-LENGTH DATA ELEMENTS--GENERAL INFORMATION | |
| fixed length control field | 910614s1991 enka b 001 0 eng c |
| 020 ## - INTERNATIONAL STANDARD BOOK NUMBER | |
| International Standard Book Number | 075061319X |
| 040 ## - CATALOGING SOURCE | |
| Transcribing agency | ALUPE UNIVERSITY |
| 050 10 - LIBRARY OF CONGRESS CALL NUMBER | |
| Classification number | RJ275 |
| Item number | .I83 1991 |
| 060 ## - NATIONAL LIBRARY OF MEDICINE CALL NUMBER | |
| Classification number | WS 420 I73n |
| 100 1# - MAIN ENTRY--PERSONAL NAME | |
| Personal name | Isaacs, David, |
| Titles and words associated with a name | MD. |
| 245 10 - TITLE STATEMENT | |
| Title | Neonatal infections / |
| Statement of responsibility, etc. | David Isaacs and E. Richard Moxon. |
| 260 ## - PUBLICATION, DISTRIBUTION, ETC. | |
| Place of publication, distribution, etc. | Oxford [England] ; |
| -- | Boston : |
| Name of publisher, distributor, etc. | Butterworth-Heinemann, |
| Date of publication, distribution, etc. | c1991. |
| 300 ## - PHYSICAL DESCRIPTION | |
| Extent | xiv, 256 p. : |
| Other physical details | ill. ; |
| Dimensions | 25 cm. |
| 504 ## - BIBLIOGRAPHY, ETC. NOTE | |
| Bibliography, etc. note | Includes bibliographical references (p. [231]-249) and index. |
| 650 #0 - SUBJECT ADDED ENTRY--TOPICAL TERM | |
| Topical term or geographic name entry element | Neonatal infections. |
| 650 #2 - SUBJECT ADDED ENTRY--TOPICAL TERM | |
| Topical term or geographic name entry element | Infant, Newborn, Diseases. |
| 650 #2 - SUBJECT ADDED ENTRY--TOPICAL TERM | |
| Topical term or geographic name entry element | Infection |
| General subdivision | in infancy & childhood. |
| 700 1# - ADDED ENTRY--PERSONAL NAME | |
| Personal name | Moxon, E. Richard. |
| 906 ## - LOCAL DATA ELEMENT F, LDF (RLIN) | |
| a | 7 |
| b | cbc |
| c | orignew |
| d | 1 |
| e | ocip |
| f | 19 |
| g | y-gencatlg |
| 942 ## - ADDED ENTRY ELEMENTS (KOHA) | |
| Source of classification or shelving scheme | |
| Koha item type | Book |
| Withdrawn status | Lost status | Source of classification or shelving scheme | Damaged status | Not for loan | Permanent Location | Current Location | Shelving location | Date acquired | Source of acquisition | Total Checkouts | Full call number | Barcode | Date last seen | Price effective from | Koha item type | Public note | Copy number |
|---|---|---|---|---|---|---|---|---|---|---|---|---|---|---|---|---|---|
| AU LIBRARY | AU LIBRARY | Open Shelf | 23.03.2022 | DONATION FROM MOI UNIVERSITY | RJ275 .I83 1991 | 28006314 | 23.03.2022 | 23.03.2022 | Book | WO | |||||||
| AU LIBRARY | AU LIBRARY | Open Shelf | 24.03.2022 | DONATION FROM MOI UNIVERSITY | RJ275 .I83 1991 C2 | 28006580 | 24.03.2022 | 24.03.2022 | Book | DO | 2 |